00610nam a2200217 a 450000500170000000800410001704100080005804400070006610000230007324500870009626000270018330000110021065000310022165000190025265000150027165000270028665000270031365000100034070000240035070000180037420140930122110.0140220b1997 - ||||| |||| 00| 0 eng d aeng acn aMcAllister, Don E. aGlobal freshwater biodiversitybstriving for the integrity of freshwater ecosystem aOttawabSea Windc1997 a140 p. aRecursos hidrobiológicos aImpacto humano aAgua dulce aConservación ex situ aConservación in situ aPeces aHamilton, Andrew L. aHarvey, Brian